[Event "U12-U20 French Championships"]
[Site "chess24.com"]
[Date "2019.04.21"]
[Round "9"]
[White "David, Bogdan-Emanuel"]
[Black "Bacrot, Alexandre"]
[Result "0-1"]
[Board "21"]
[WhiteTitle "CM"]
[WhiteElo "2206"]
[WhiteCountry "ROU"]
[WhiteFideId "1229907"]
[WhiteEloChange "-9"]
[BlackElo "2241"]
[BlackCountry "FRA"]
[BlackFideId "26076837"]
[BlackEloChange "9"]

1. e4 {[%clk 1:30:57]} e5 {[%clk 1:30:56]} 2. Bc4 {[%clk 1:31:17]} Nf6 {[%clk
1:29:36]} 3. d3 {[%clk 1:28:58]} c6 {[%clk 1:23:04]} 4. Nf3 {[%clk 1:25:37]} Be7
{[%clk 1:10:18]} 5. Nbd2 {[%clk 1:21:11]} d6 {[%clk 1:10:13]} 6. Nf1 {[%clk
1:13:35]} O-O {[%clk 1:08:27]} 7. Bb3 {[%clk 1:11:32]} Re8 {[%clk 1:06:41]} 8.
Ng3 {[%clk 1:09:56]} Bf8 {[%clk 1:04:12]} 9. O-O {[%clk 1:08:08]} a5 {[%clk
0:53:42]} 10. c3 {[%clk 1:06:21]} Nbd7 {[%clk 0:50:20]} 11. d4 {[%clk 0:58:29]}
h6 {[%clk 0:46:09]} 12. Re1 {[%clk 0:54:30]} b5 {[%clk 0:45:02]} 13. a4 {[%clk
0:43:11]} b4 {[%clk 0:44:18]} 14. cxb4 {[%clk 0:33:46]} axb4 {[%clk 0:44:42]} 15.
dxe5 {[%clk 0:31:27]} dxe5 {[%clk 0:41:11]} 16. Qc2 {[%clk 0:28:14]} Nc5 {[%clk
0:38:28]} 17. Bc4 {[%clk 0:27:22]} Nb7 {[%clk 0:27:51]} 18. Nd2 {[%clk 0:19:45]}
Na5 {[%clk 0:27:17]} 19. Bf1 {[%clk 0:19:11]} c5 {[%clk 0:15:47]} 20. Nb3 {[%clk
0:17:24]} Nb7 {[%clk 0:15:51]} 21. Be3 {[%clk 0:13:34]} Bd7 {[%clk 0:16:08]} 22.
Nd2 {[%clk 0:07:12]} Na5 {[%clk 0:10:05]} 23. Nc4 {[%clk 0:05:53]} Nc6 {[%clk
0:10:30]} 24. b3 {[%clk 0:05:52]} Ng4 {[%clk 0:10:40]} 25. h3 {[%clk 0:04:02]}
Nxe3 {[%clk 0:11:02]} 26. fxe3 {[%clk 0:04:26]} g6 {[%clk 0:09:28]} 27. Rad1
{[%clk 0:04:15]} Ra7 {[%clk 0:08:44]} 28. Be2 {[%clk 0:02:49]} Qg5 {[%clk
0:08:54]} 29. Kh2 {[%clk 0:03:08]} Be6 {[%clk 0:08:55]} 30. Bf3 {[%clk 0:01:44]}
Rc8 {[%clk 0:07:13]} 31. Rd3 {[%clk 0:00:57]} Bxc4 {[%clk 0:05:48]} 32. Qxc4
{[%clk 0:01:26]} Na5 {[%clk 0:06:05]} 33. Qb5 {[%clk 0:00:47]} c4 {[%clk
0:06:00]} 34. bxc4 {[%clk 0:00:43]} Nxc4 {[%clk 0:06:18]} 35. Rd5 {[%clk
0:01:03]} Na3 {[%clk 0:01:48]} 36. Qb6 {[%clk 0:00:49]} Qe7 {[%clk 0:01:18]} 37.
Bg4 {[%clk 0:00:38]} Rb7 {[%clk 0:01:15]} 38. Qa6 {[%clk 0:01:00]} Rcc7 {[%clk
0:01:33]} 39. Be2 {[%clk 0:00:36]} b3 {[%clk 0:01:41]} 40. Rb5 {[%clk 0:00:34]}
b2 {[%clk 0:01:42]} 41. Bd3 {[%clk 0:00:34]} Nxb5 {[%clk 0:02:04]} 42. axb5
{[%clk 0:00:32]} Rc1 {[%clk 0:02:27]} 43. Qa5 {[%clk 0:00:47]} Ra7 {[%clk
0:02:20]} 44. Qd2 {[%clk 0:00:50]} Rxe1 {[%clk 0:02:43]} 45. Qxe1 {[%clk
0:01:15]} Ra1 {[%clk 0:02:35]} 46. Bb1 {[%clk 0:01:34]} Qb4 {[%clk 0:02:44]} 47.
Qd1 {[%clk 0:01:35]} Qxb5 {[%clk 0:02:57]} 48. Ne2 {[%clk 0:01:23]} Rxb1 {[%clk
0:03:24]} 0-1

[Event "U12-U20 French Championships"]
[Site "chess24.com"]
[Date "2019.04.21"]
[Round "9"]
[White "Christien, Vincent"]
[Black "Mariette, Lucas"]
[Result "0-1"]
[Board "22"]
[WhiteElo "2183"]
[WhiteCountry "FRA"]
[WhiteFideId "26092999"]
[WhiteEloChange "-9"]
[BlackElo "2221"]
[BlackCountry "FRA"]
[BlackFideId "26056526"]
[BlackEloChange "9"]

1. e4 {[%clk 1:30:58]} e5 {[%clk 1:30:23]} 2. Nf3 {[%clk 1:31:24]} Nc6 {[%clk
1:30:34]} 3. Bb5 {[%clk 1:31:49]} f5 {[%clk 1:30:43]} 4. d3 {[%clk 1:31:44]} fxe4
{[%clk 1:30:42]} 5. dxe4 {[%clk 1:32:09]} Nf6 {[%clk 1:30:50]} 6. O-O {[%clk
1:32:00]} Bc5 {[%clk 1:30:55]} 7. Qd3 {[%clk 1:31:49]} Nd4 {[%clk 1:30:29]} 8.
Nxd4 {[%clk 1:30:25]} Bxd4 {[%clk 1:30:46]} 9. Nd2 {[%clk 1:30:02]} a6 {[%clk
1:23:46]} 10. Ba4 {[%clk 1:29:35]} Qe7 {[%clk 1:21:12]} 11. Nf3 {[%clk 1:28:57]}
Bb6 {[%clk 1:11:59]} 12. Bg5 {[%clk 1:17:11]} O-O {[%clk 1:10:30]} 13. Bb3+
{[%clk 1:10:56]} Kh8 {[%clk 1:10:51]} 14. Nh4 {[%clk 1:10:47]} d6 {[%clk
1:03:56]} 15. Kh1 {[%clk 1:07:29]} Bd7 {[%clk 0:37:15]} 16. Qg3 {[%clk 0:56:53]}
Qe8 {[%clk 0:35:00]} 17. Bxf6 {[%clk 0:35:10]} Rxf6 {[%clk 0:35:19]} 18. f4
{[%clk 0:34:12]} exf4 {[%clk 0:34:44]} 19. Rxf4 {[%clk 0:34:17]} Bd4 {[%clk
0:33:35]} 20. Raf1 {[%clk 0:27:54]} Be5 {[%clk 0:19:33]} 21. Ng6+ {[%clk
0:28:07]} Rxg6 {[%clk 0:19:36]} 22. Qxg6 {[%clk 0:28:11]} Bxf4 {[%clk 0:19:47]}
23. Qxe8+ {[%clk 0:28:22]} Rxe8 {[%clk 0:20:16]} 24. Rxf4 {[%clk 0:28:45]} g5
{[%clk 0:20:38]} 25. Rf7 {[%clk 0:25:22]} Rxe4 {[%clk 0:20:34]} 26. Kg1 {[%clk
0:24:35]} Bc6 {[%clk 0:20:14]} 27. Rxc7 {[%clk 0:24:01]} Re2 {[%clk 0:17:57]} 28.
Kf1 {[%clk 0:16:41]} Rd2 {[%clk 0:18:26]} 29. Rc8+ {[%clk 0:14:47]} Kg7 {[%clk
0:00:04]} 30. Rg8+ {[%clk 0:10:44]} Kh6 {[%clk 0:19:24]} 31. Rf8 {[%clk 0:09:27]}
Rxg2 {[%clk 0:14:47]} 32. Rf6+ {[%clk 0:07:52]} Kg7 {[%clk 0:14:24]} 33. Rxd6
{[%clk 0:06:52]} Rxh2 {[%clk 0:14:41]} 34. Kg1 {[%clk 0:06:53]} Rg2+ {[%clk
0:14:45]} 35. Kf1 {[%clk 0:07:20]} Rh2 {[%clk 0:15:11]} 36. Kg1 {[%clk 0:07:46]}
Rh1+ {[%clk 0:14:49]} 37. Kf2 {[%clk 0:08:11]} h5 {[%clk 0:14:36]} 38. Kg3 {[%clk
0:05:33]} Rg1+ {[%clk 0:14:51]} 39. Kh2 {[%clk 0:05:32]} Rb1 {[%clk 0:14:24]} 40.
Kg3 {[%clk 0:05:13]} Rg1+ {[%clk 0:12:49]} 41. Kh2 {[%clk 0:05:39]} Rg2+ {[%clk
0:11:21]} 42. Kh3 {[%clk 0:06:03]} Rf2 {[%clk 0:11:37]} 43. Kg3 {[%clk 0:05:28]}
Rf3+ {[%clk 0:12:05]} 44. Kh2 {[%clk 0:05:42]} g4 {[%clk 0:09:02]} 45. Bd5 {[%clk
0:05:44]} Bxd5 {[%clk 0:07:15]} 46. Rxd5 {[%clk 0:06:10]} Kg6 {[%clk 0:07:34]}
47. Kg2 {[%clk 0:06:00]} h4 {[%clk 0:06:14]} 48. Rd8 {[%clk 0:03:30]} h3+ {[%clk
0:05:39]} 49. Kg1 {[%clk 0:03:41]} Kg5 {[%clk 0:05:34]} 50. Rd7 {[%clk 0:03:52]}
Kf4 {[%clk 0:05:40]} 51. Rxb7 {[%clk 0:04:00]} Kg3 {[%clk 0:05:51]} 52. Rh7
{[%clk 0:04:27]} Rf2 {[%clk 0:05:44]} 0-1

[Event "U12-U20 French Championships"]
[Site "chess24.com"]
[Date "2019.04.21"]
[Round "9"]
[White "Aubert, Estee"]
[Black "Tomasi, Elise"]
[Result "1-0"]
[Board "23"]
[WhiteElo "1839"]
[WhiteCountry "FRA"]
[WhiteFideId "26053438"]
[WhiteEloChange "12"]
[BlackElo "1904"]
[BlackCountry "FRA"]
[BlackFideId "26088843"]
[BlackEloChange "-12"]

1. d4 {[%clk 1:30:58]} d5 {[%clk 1:30:53]} 2. Bf4 {[%clk 1:31:19]} Nf6 {[%clk
1:30:57]} 3. e3 {[%clk 1:31:41]} e6 {[%clk 1:31:09]} 4. Nd2 {[%clk 1:31:43]} c5
{[%clk 1:30:02]} 5. c3 {[%clk 1:32:09]} Bd6 {[%clk 1:29:52]} 6. Bg3 {[%clk
1:32:35]} O-O {[%clk 1:29:08]} 7. Ngf3 {[%clk 1:33:00]} b6 {[%clk 1:25:53]} 8. a4
{[%clk 1:33:21]} Nc6 {[%clk 1:19:12]} 9. Bb5 {[%clk 1:31:37]} Bb7 {[%clk
1:19:01]} 10. Bxc6 {[%clk 1:26:07]} Bxc6 {[%clk 1:19:21]} 11. a5 {[%clk 1:19:59]}
Qc7 {[%clk 1:17:28]} 12. Qe2 {[%clk 1:14:52]} Rab8 {[%clk 1:04:16]} 13. axb6
{[%clk 1:10:52]} axb6 {[%clk 1:03:41]} 14. Bxd6 {[%clk 1:10:24]} Qxd6 {[%clk
1:03:43]} 15. Ne5 {[%clk 1:10:20]} Ra8 {[%clk 0:55:57]} 16. O-O {[%clk 1:10:06]}
Nd7 {[%clk 0:51:56]} 17. Nxd7 {[%clk 1:09:27]} Qxd7 {[%clk 0:49:27]} 18. Rfc1
{[%clk 1:05:39]} Rfd8 {[%clk 0:38:46]} 19. Qg4 {[%clk 1:03:17]} Qd6 {[%clk
0:38:46]} 20. f4 {[%clk 1:03:17]} f6 {[%clk 0:38:46]} 21. Nf3 {[%clk 1:01:48]}
Re8 {[%clk 0:28:50]} 22. Qh4 {[%clk 0:55:50]} Rxa1 {[%clk 0:28:50]} 23. Rxa1
{[%clk 0:56:15]} Ra8 {[%clk 0:28:50]} 24. Rxa8+ {[%clk 0:53:58]} Bxa8 {[%clk
0:28:50]} 25. Qe1 {[%clk 0:53:58]} Qc6 {[%clk 0:12:14]} 26. Qa1 {[%clk 0:53:58]}
Bb7 {[%clk 0:12:14]} 27. Qa7 {[%clk 0:54:23]} Kf7 {[%clk 0:12:22]} 28. Ne1 {[%clk
0:54:23]} cxd4 {[%clk 0:12:46]} 29. exd4 {[%clk 0:54:32]} b5 {[%clk 0:16:24]} 30.
Nd3 {[%clk 0:54:03]} Qa6 {[%clk 0:16:24]} 31. Qxa6 {[%clk 0:54:27]} Bxa6 {[%clk
0:16:24]} 32. Kf2 {[%clk 0:54:47]} Ke7 {[%clk 0:16:24]} 33. Ke3 {[%clk 0:55:12]}
Kd6 {[%clk 0:15:13]} 34. Kd2 {[%clk 0:55:12]} Bc8 {[%clk 0:08:21]} 35. Kc2 {[%clk
0:55:37]} Kc6 {[%clk 0:08:21]} 36. Kb3 {[%clk 0:55:37]} Kb6 {[%clk 0:06:59]} 37.
Kb4 {[%clk 0:56:00]} Bd7 {[%clk 0:05:20]} 38. Nc5 {[%clk 0:56:20]} Bc8 {[%clk
0:10:24]} 39. Nb3 {[%clk 0:52:23]} Bd7 {[%clk 0:10:08]} 40. Na1 {[%clk 0:50:54]}
Be8 {[%clk 0:08:08]} 41. Nc2 {[%clk 0:51:12]} Bd7 {[%clk 0:10:05]} 42. Ne3 {[%clk
0:51:05]} Bc6 {[%clk 0:10:08]} 43. g3 {[%clk 0:48:45]} Bb7 {[%clk 0:10:32]} 44.
g4 {[%clk 0:45:15]} g6 {[%clk 0:07:29]} 45. g5 {[%clk 0:45:40]} f5 {[%clk
0:00:31]} 46. Nc2 {[%clk 0:37:39]} Bc6 {[%clk 0:00:47]} 47. Ne1 {[%clk 0:37:42]}
Be8 {[%clk 0:01:07]} 48. Nd3 {[%clk 0:37:38]} Bd7 {[%clk 0:01:17]} 49. b3 {[%clk
0:37:01]} Be8 {[%clk 0:01:02]} 50. Ne5 {[%clk 0:37:13]} Kb7 {[%clk 0:01:02]} 51.
Kc5 {[%clk 0:37:13]} Kc7 {[%clk 0:00:58]} 52. b4 {[%clk 0:37:13]} 1-0

[Event "U12-U20 French Championships"]
[Site "chess24.com"]
[Date "2019.04.21"]
[Round "9"]
[White "Konate, Salma"]
[Black "Diez, Ambre"]
[Result "1/2-1/2"]
[Board "24"]
[WhiteElo "1695"]
[WhiteCountry "FRA"]
[WhiteFideId "36034975"]
[WhiteEloChange "2"]
[BlackElo "1775"]
[BlackCountry "FRA"]
[BlackFideId "36074772"]
[BlackEloChange "-2"]

1. e4 {[%clk 1:30:58]} e5 {[%clk 1:30:51]} 2. Bc4 {[%clk 1:31:22]} Nf6 {[%clk
1:31:05]} 3. d3 {[%clk 1:31:33]} Bc5 {[%clk 1:31:22]} 4. Nf3 {[%clk 1:31:50]} Nc6
{[%clk 1:31:41]} 5. c3 {[%clk 1:32:00]} d6 {[%clk 1:32:00]} 6. Bb3 {[%clk
1:32:09]} a6 {[%clk 1:32:14]} 7. Be3 {[%clk 1:32:17]} Ba7 {[%clk 1:30:59]} 8. Bc2
{[%clk 1:26:19]} h6 {[%clk 1:25:43]} 9. h3 {[%clk 1:25:40]} Be6 {[%clk 1:23:47]}
10. d4 {[%clk 1:19:22]} exd4 {[%clk 1:24:05]} 11. Nxd4 {[%clk 1:19:43]} Nxd4
{[%clk 1:20:46]} 12. cxd4 {[%clk 1:19:36]} Qe7 {[%clk 1:15:04]} 13. Nc3 {[%clk
1:18:01]} Rd8 {[%clk 1:07:23]} 14. O-O {[%clk 1:14:59]} O-O {[%clk 1:06:40]} 15.
Qd3 {[%clk 1:13:46]} c6 {[%clk 1:03:42]} 16. f4 {[%clk 1:10:17]} Nh7 {[%clk
0:57:11]} 17. f5 {[%clk 0:43:32]} Bc8 {[%clk 0:50:30]} 18. Bxh6 {[%clk 0:39:22]}
Qh4 {[%clk 0:48:39]} 19. Be3 {[%clk 0:38:24]} Bb8 {[%clk 0:45:40]} 20. Rf4 {[%clk
0:34:40]} Qf6 {[%clk 0:45:41]} 21. Rg4 {[%clk 0:32:28]} Kh8 {[%clk 0:41:24]} 22.
h4 {[%clk 0:29:01]} Qe7 {[%clk 0:38:40]} 23. Rf1 {[%clk 0:25:24]} f6 {[%clk
0:31:00]} 24. Rf3 {[%clk 0:17:13]} d5 {[%clk 0:30:37]} 25. exd5 {[%clk 0:17:11]}
cxd5 {[%clk 0:30:59]} 26. Bb3 {[%clk 0:17:23]} Qf7 {[%clk 0:29:03]} 27. Bf4
{[%clk 0:06:46]} Qh5 {[%clk 0:27:52]} 28. Rgg3 {[%clk 0:05:56]} Bxf5 {[%clk
0:27:18]} 29. Qd2 {[%clk 0:05:11]} Be4 {[%clk 0:24:55]} 30. Rf2 {[%clk 0:03:43]}
Ba7 {[%clk 0:20:34]} 31. Be3 {[%clk 0:01:31]} Rfe8 {[%clk 0:20:21]} 32. Ne2
{[%clk 0:01:22]} Bb8 {[%clk 0:19:48]} 33. Bf4 {[%clk 0:01:00]} Ba7 {[%clk
0:20:07]} 34. Be3 {[%clk 0:01:19]} Bb8 {[%clk 0:20:24]} 35. Bf4 {[%clk 0:01:39]}
Ba7 {[%clk 0:20:38]} 36. Be3 {[%clk 0:02:02]} Bb8 {[%clk 0:20:24]} 37. Bf4 {[%clk
0:02:25]} 1/2-1/2

[Event "U12-U20 French Championships"]
[Site "chess24.com"]
[Date "2019.04.21"]
[Round "9"]
[White "Sabiani, Chjara"]
[Black "Djidjeli, Sarah"]
[Result "0-1"]
[Board "25"]
[WhiteElo "1812"]
[WhiteCountry "FRA"]
[WhiteFideId "26081369"]
[WhiteEloChange "-4"]
[BlackElo "2041"]
[BlackCountry "FRA"]
[BlackFideId "36067474"]
[BlackEloChange "4"]

1. d4 {[%clk 1:30:27]} Nf6 {[%clk 1:30:56]} 2. Bf4 {[%clk 1:30:32]} g6 {[%clk
1:30:36]} 3. Nc3 {[%clk 1:30:05]} d5 {[%clk 1:29:58]} 4. e3 {[%clk 1:30:21]} Bg7
{[%clk 1:29:43]} 5. h4 {[%clk 1:30:45]} h6 {[%clk 1:22:58]} 6. Nb5 {[%clk
1:29:40]} Na6 {[%clk 1:22:50]} 7. Nf3 {[%clk 1:29:58]} Bf5 {[%clk 1:16:50]} 8.
Bd3 {[%clk 1:25:20]} Bxd3 {[%clk 1:14:16]} 9. cxd3 {[%clk 1:23:23]} c5 {[%clk
0:59:43]} 10. O-O {[%clk 1:09:15]} O-O {[%clk 0:59:50]} 11. Be5 {[%clk 1:04:57]}
Qd7 {[%clk 0:56:32]} 12. Nc3 {[%clk 1:04:20]} Rac8 {[%clk 0:51:47]} 13. Rc1
{[%clk 0:56:40]} Qf5 {[%clk 0:47:10]} 14. Re1 {[%clk 0:43:05]} Ng4 {[%clk
0:35:30]} 15. Nxd5 {[%clk 0:40:29]} Qd7 {[%clk 0:35:22]} 16. Bxg7 {[%clk
0:39:49]} Kxg7 {[%clk 0:35:48]} 17. Nc3 {[%clk 0:36:04]} Rfd8 {[%clk 0:35:17]}
18. d5 {[%clk 0:35:18]} c4 {[%clk 0:35:28]} 19. dxc4 {[%clk 0:29:19]} Rxc4 {[%clk
0:35:50]} 20. b3 {[%clk 0:29:24]} Rc5 {[%clk 0:33:19]} 21. Qd4+ {[%clk 0:29:34]}
Nf6 {[%clk 0:32:59]} 22. e4 {[%clk 0:28:37]} Qg4 {[%clk 0:28:50]} 23. b4 {[%clk
0:25:11]} Rcc8 {[%clk 0:28:34]} 24. Rcd1 {[%clk 0:24:39]} Kg8 {[%clk 0:28:01]}
25. Na4 {[%clk 0:23:24]} Nh5 {[%clk 0:27:35]} 26. Nc5 {[%clk 0:02:02]} Nf4 {[%clk
0:27:24]} 27. g3 {[%clk 0:20:06]} Qxf3 {[%clk 0:27:00]} 28. gxf4 {[%clk 0:20:32]}
Nxc5 {[%clk 0:26:44]} 29. bxc5 {[%clk 0:20:57]} Qxf4 {[%clk 0:26:40]} 30. Re3
{[%clk 0:19:23]} e5 {[%clk 0:23:31]} 31. Qd3 {[%clk 0:15:04]} Rxc5 {[%clk
0:22:35]} 32. Rg3 {[%clk 0:14:25]} Rdc8 {[%clk 0:20:33]} 33. d6 {[%clk 0:13:56]}
Rd8 {[%clk 0:20:26]} 34. Qa3 {[%clk 0:11:24]} Rc2 {[%clk 0:19:44]} 35. Qxa7
{[%clk 0:10:39]} Qxe4 {[%clk 0:17:01]} 36. Qa5 {[%clk 0:09:25]} Rxd6 {[%clk
0:14:58]} 37. Re1 {[%clk 0:09:33]} Qf4 {[%clk 0:13:59]} 38. Rg2 {[%clk 0:09:28]}
Rc1 {[%clk 0:13:24]} 39. Rxc1 {[%clk 0:07:49]} Qxc1+ {[%clk 0:13:49]} 40. Kh2
{[%clk 0:08:15]} Qf4+ {[%clk 0:14:14]} 41. Kh3 {[%clk 0:08:35]} Rd4 {[%clk
0:13:27]} 42. Rg3 {[%clk 0:08:25]} Qxh4+ {[%clk 0:13:33]} 43. Kg2 {[%clk
0:08:55]} Qe4+ {[%clk 0:13:50]} 44. f3 {[%clk 0:06:47]} Qe2+ {[%clk 0:14:03]} 45.
Kh3 {[%clk 0:07:05]} g5 {[%clk 0:12:36]} 46. Qa8+ {[%clk 0:07:17]} Kg7 {[%clk
0:12:52]} 47. Qxb7 {[%clk 0:07:31]} Rh4# {[%clk 0:13:13]} 0-1

[Event "U12-U20 French Championships"]
[Site "chess24.com"]
[Date "2019.04.21"]
[Round "9"]
[White "Yuan, Beline"]
[Black "Henry, Aziliz"]
[Result "1-0"]
[Board "26"]
[WhiteElo "1977"]
[WhiteCountry "FRA"]
[WhiteFideId "36019879"]
[WhiteEloChange "2"]
[BlackElo "1582"]
[BlackCountry "FRA"]
[BlackFideId "26071487"]
[BlackEloChange "-2"]

1. d4 {[%clk 1:30:51]} d6 {[%clk 1:30:53]} 2. Bg5 {[%clk 1:29:46]} Nf6 {[%clk
1:29:58]} 3. Nf3 {[%clk 1:29:12]} g6 {[%clk 0:01:02]} 4. Nc3 {[%clk 1:24:05]} Bg7
{[%clk 1:28:05]} 5. e4 {[%clk 1:24:09]} h6 {[%clk 1:25:54]} 6. Bh4 {[%clk
1:22:35]} g5 {[%clk 1:24:42]} 7. Bg3 {[%clk 1:23:00]} Nh5 {[%clk 1:24:25]} 8. Bc4
{[%clk 1:21:45]} Nxg3 {[%clk 0:01:54]} 9. hxg3 {[%clk 1:20:17]} Bg4 {[%clk
1:18:42]} 10. Qd2 {[%clk 1:00:48]} e5 {[%clk 1:12:58]} 11. dxe5 {[%clk 0:57:28]}
Bxf3 {[%clk 1:12:35]} 12. gxf3 {[%clk 0:57:48]} Bxe5 {[%clk 1:12:28]} 13. f4
{[%clk 0:56:02]} gxf4 {[%clk 1:00:08]} 14. gxf4 {[%clk 0:56:27]} Bxc3 {[%clk
0:59:20]} 15. Qxc3 {[%clk 0:56:40]} Rh7 {[%clk 0:58:58]} 16. O-O-O {[%clk
0:55:40]} Nd7 {[%clk 0:56:24]} 17. e5 {[%clk 0:52:07]} dxe5 {[%clk 0:56:36]} 18.
Qd3 {[%clk 0:52:13]} Rh8 {[%clk 0:03:31]} 19. Qf5 {[%clk 0:49:51]} Qe7 {[%clk
0:00:16]} 20. Rxd7 {[%clk 0:00:43]} Qxd7 {[%clk 0:00:15]} 21. Qxe5+ {[%clk
0:01:54]} Qe7 22. Qxh8+ {[%clk 0:50:37]} Qf8 23. Rxh6 {[%clk 0:02:29]} Ke7 24.
Qf6+ {[%clk 0:50:31]} Kd7 25. Rh7 {[%clk 0:50:56]} Qb4 26. Rxf7+ {[%clk 0:50:47]}
Ke8 27. Qh8+ {[%clk 0:00:31]} 1-0

[Event "U12-U20 French Championships"]
[Site "chess24.com"]
[Date "2019.04.21"]
[Round "9"]
[White "Fardet, Elouan"]
[Black "Mathieu, Phileas"]
[Result "1-0"]
[Board "27"]
[WhiteElo "2001"]
[WhiteCountry "FRA"]
[WhiteFideId "45163596"]
[WhiteEloChange "13"]
[BlackElo "2105"]
[BlackCountry "FRA"]
[BlackFideId "36048410"]
[BlackEloChange "-13"]

1. e4 {[%clk 1:30:50]} c5 {[%clk 1:30:58]} 2. Nf3 {[%clk 1:31:11]} Nc6 {[%clk
1:31:27]} 3. d4 {[%clk 1:31:31]} cxd4 {[%clk 1:31:54]} 4. Nxd4 {[%clk 1:31:57]}
Nf6 {[%clk 1:32:19]} 5. Nc3 {[%clk 1:32:23]} d6 {[%clk 1:32:46]} 6. g3 {[%clk
1:32:33]} g6 {[%clk 1:18:15]} 7. Nde2 {[%clk 1:32:34]} Bg7 {[%clk 1:16:30]} 8.
Bg2 {[%clk 1:32:50]} O-O {[%clk 1:16:38]} 9. O-O {[%clk 1:32:56]} Bd7 {[%clk
1:13:14]} 10. h3 {[%clk 1:32:58]} a6 {[%clk 1:07:43]} 11. a4 {[%clk 1:32:24]} Rb8
{[%clk 1:05:03]} 12. Nd5 {[%clk 1:31:15]} Nxd5 {[%clk 1:00:07]} 13. exd5 {[%clk
1:31:29]} Ne5 {[%clk 1:00:25]} 14. Ra2 {[%clk 1:28:53]} e6 {[%clk 0:16:04]} 15.
dxe6 {[%clk 0:02:39]} Bxe6 {[%clk 0:01:24]} 16. b3 {[%clk 1:22:17]} d5 {[%clk
0:39:42]} 17. Nf4 {[%clk 1:11:10]} d4 {[%clk 0:30:32]} 18. Nxe6 {[%clk 1:10:50]}
fxe6 {[%clk 0:31:01]} 19. Bf4 {[%clk 1:11:01]} g5 {[%clk 0:26:51]} 20. Bd2 {[%clk
1:08:30]} Qf6 {[%clk 0:23:42]} 21. f4 {[%clk 1:04:18]} Ng6 {[%clk 0:21:18]} 22.
fxg5 {[%clk 0:03:00]} Qe5 {[%clk 0:21:48]} 23. Rxf8+ {[%clk 1:01:50]} Rxf8 {[%clk
0:22:12]} 24. Qe1 {[%clk 1:00:54]} Qc7 {[%clk 0:17:12]} 25. Bb4 {[%clk 0:49:12]}
Rf7 {[%clk 0:16:12]} 26. Be4 {[%clk 0:29:43]} Ne5 {[%clk 0:15:33]} 27. Kg2 {[%clk
0:26:53]} Qd8 {[%clk 0:12:58]} 28. Qe2 {[%clk 0:18:19]} Qxg5 {[%clk 0:12:06]} 29.
Bd2 {[%clk 0:18:25]} Qf6 {[%clk 0:11:48]} 30. a5 {[%clk 0:15:13]} Bf8 {[%clk
0:06:25]} 31. Ra4 {[%clk 0:11:37]} Bc5 {[%clk 0:06:44]} 32. Bf4 {[%clk 0:05:36]}
Ng6 {[%clk 0:06:52]} 33. Bxg6 {[%clk 0:05:57]} Qxg6 {[%clk 0:06:47]} 34. Kh2
{[%clk 0:06:00]} h5 {[%clk 0:02:20]} 35. Rc4 {[%clk 0:05:48]} Qf5 {[%clk
0:02:18]} 36. b4 {[%clk 0:04:45]} Ba7 {[%clk 0:02:04]} 37. Rc8+ {[%clk 0:04:46]}
Kh7 {[%clk 0:01:47]} 38. Ra8 {[%clk 0:03:49]} d3 {[%clk 0:00:30]} 39. cxd3 {[%clk
0:03:46]} Bd4 {[%clk 0:00:24]} 40. Re8 {[%clk 0:04:01]} e5 {[%clk 0:00:10]} 41.
Be3 {[%clk 0:03:59]} Bc3 {[%clk 0:00:12]} 42. Bc5 {[%clk 0:03:46]} Kg7 {[%clk
0:00:11]} 43. Qe4 {[%clk 0:02:10]} Qd7 {[%clk 0:00:13]} 44. Ra8 {[%clk 0:02:00]}
Qe6 {[%clk 0:00:16]} 45. Qe2 {[%clk 0:01:23]} Qg6 {[%clk 0:00:06]} 46. Rd8 {[%clk
0:01:17]} Qg5 {[%clk 0:00:16]} 47. Rd6 {[%clk 0:01:22]} Kh8 {[%clk 0:00:19]} 48.
h4 {[%clk 0:01:17]} Qf5 {[%clk 0:00:13]} 49. Rh6+ {[%clk 0:01:03]} Kg8 {[%clk
0:00:24]} 50. Rxh5 {[%clk 0:01:24]} Qe6 {[%clk 0:00:33]} 51. Rg5+ {[%clk
0:01:08]} Kh8 {[%clk 0:00:42]} 52. Qg4 {[%clk 0:01:01]} Qxg4 {[%clk 0:00:55]} 53.
Rxg4 {[%clk 0:01:31]} Rd7 {[%clk 0:01:20]} 54. Kg2 {[%clk 0:00:43]} Rxd3 {[%clk
0:01:16]} 55. Re4 {[%clk 0:01:02]} Kg7 {[%clk 0:01:36]} 56. g4 {[%clk 0:01:05]}
Kf6 {[%clk 0:01:59]} 57. Kf2 {[%clk 0:01:18]} Rd1 {[%clk 0:00:54]} 58. Ke2 {[%clk
0:00:52]} Rh1 {[%clk 0:01:19]} 59. h5 {[%clk 0:01:05]} Ke6 {[%clk 0:01:17]} 60.
Re3 {[%clk 0:00:58]} Bb2 {[%clk 0:01:12]} 61. Rd3 {[%clk 0:01:18]} Rh4 {[%clk
0:00:50]} 62. Rd6+ {[%clk 0:01:40]} Kf7 {[%clk 0:00:32]} 63. Rg6 {[%clk 0:01:42]}
Rh3 {[%clk 0:00:26]} 64. Rb6 {[%clk 0:01:30]} Rg3 {[%clk 0:00:25]} 65. Rxb7+
{[%clk 0:01:48]} Kf6 {[%clk 0:00:35]} 66. Rb6+ {[%clk 0:02:06]} Kg5 {[%clk
0:00:45]} 67. Rg6+ {[%clk 0:02:13]} Kf4 {[%clk 0:01:10]} 68. h6 {[%clk 0:02:26]}
Ke4 {[%clk 0:00:12]} 69. Bf2 {[%clk 0:01:29]} Rg2 {[%clk 0:00:16]} 70. Kf1 {[%clk
0:01:48]} Rh2 {[%clk 0:00:41]} 71. Kg1 {[%clk 0:02:03]} Rh3 {[%clk 0:00:50]} 72.
Kg2 {[%clk 0:02:28]} Rf3 {[%clk 0:00:55]} 73. h7 {[%clk 0:02:49]} Bd4 {[%clk
0:01:15]} 74. Bxd4 {[%clk 0:03:09]} Rf8 {[%clk 0:01:14]} 75. Rg8 {[%clk 0:03:33]}
Rf4 {[%clk 0:01:34]} 76. h8Q {[%clk 0:03:55]} exd4 {[%clk 0:01:59]} 77. Re8+
{[%clk 0:04:07]} Kd3 {[%clk 0:02:23]} 1-0